| 000 | 00477nam a2200181Ia 4500 | ||
|---|---|---|---|
| 008 | 240925s9999 xx 000 0 und d | ||
| 020 | _a9780070660021 | ||
| 082 | _a651.7 KON | ||
| 100 | _aKoneru, Aruna | ||
| 245 | 0 | _aProfessional Communication | |
| 250 | _aNA | ||
| 260 |
_aNew Delhi: _bMcGraw Hill Education (India) Private Limited _c,2008. |
||
| 300 |
_axxiv, 746p. _b0 _fNA |
||
| 500 | _aIncludes Index | ||
| 600 | _aManagement | ||
| 650 | _aManagement | ||
| 942 | _cBK | ||
| 999 |
_c15449 _d15449 |
||